Представление документа в формате MARC21

Поле Инд. ПП Название Значение
Тип записи a
Библиографический уровень b
001 Контрольный номер RU/IS/BASE/145380505
005 Дата корректировки 20200610181718.4
084 a Индекс другой классификации/Индекс ББК 71в
100 10 a Автор Ерасов Б. С.
245 00 a Заглавие Российская культура в контексте закрытия?
650 a Основная рубрика культурология
653 00 a Ключевые слова европейская культура
a Ключевые слова культура
a Ключевые слова Россия
a Ключевые слова русская культура
a Ключевые слова философия культуры
773 00 t Заглавие источника Философские науки
d Дата издания источника 2000
g Прочая информация № 3. - С. 40 - 48
w Контрольный № источника RU/IS/BASE/141145662
901 t Тип документа b